El incremento de la maternidad adolescente en la República Dominicana 1991-1996 / (Record no. 4623)
[ view plain ]
| 000 -CABECERA | |
|---|---|
| campo de control de longitud fija | 01117nam a2200193 u 4500 |
| 001 - NÚMERO DE CONTROL | |
| campo de control | 000004817 |
| 005 - FECHA Y HORA DE LA ÚLTIMA TRANSACCIÓN | |
| campo de control | 20240304144221.0 |
| 008 - DATOS DE LONGITUD FIJA--INFORMACIÓN GENERAL | |
| campo de control de longitud fija | 090727s1998 dr r 000 0 spa d |
| 040 ## - FUENTE DE LA CATALOGACIÓN | |
| Centro catalogador/agencia de origen | DO-SdBNP |
| Lengua de catalogación | spa |
| Centro/agencia transcriptor | BNPHU |
| 082 ## - NÚMERO DE LA CLASIFICACIÓN DECIMAL DEWEY | |
| Número de clasificación | 306.8742 |
| Número de documento/Ítem | C118i |
| 100 1# - ENTRADA PRINCIPAL--NOMBRE DE PERSONA | |
| Nombre de persona | Cáceres Ureña, Francisco I. |
| 9 (RLIN) | 7695 |
| 245 13 - MENCIÓN DE TÍTULO | |
| Título | El incremento de la maternidad adolescente en la República Dominicana 1991-1996 / |
| Mención de responsabilidad, etc. | Francisco I. Cáceres Ureñas. |
| 260 ## - PUBLICACIÓN, DISTRIBUCIÓN, ETC. | |
| Lugar de publicación, distribución, etc. | Santo Domingo : |
| Nombre del editor, distribuidor, etc. | Instituto de Estudios de Población y Desarrollo : |
| -- | Fondo de Población de las Naciones Unidas, |
| Fecha de publicación, distribución, etc. | 1998. |
| 300 ## - DESCRIPCIÓN FÍSICA | |
| Extensión | 116 p. ; |
| Dimensiones | 21 cm. |
| 504 ## - NOTA DE BIBLIOGRAFÍA, ETC. | |
| Nota de bibliografía, etc. | Bibliografía |
| 505 2# - NOTA DE CONTENIDO CON FORMATO | |
| Nota de contenido con formato | Riesgos del embarazo en las adolescentes -- Factores condicionantes del embarazo en adolescentes -- Operacionalización del esquema de análisis -- Tendencias y diferenciales de la maternidad en las adolescentes dominicanas -- Cambios recientes en la composición de la población adolescente femenina -- Determinantes de la maternidad en las adolescentes dominicanas. |
| 650 #4 - PUNTO DE ACCESO ADICIONAL DE MATERIA--TÉRMINO DE MATERIA | |
| Término de materia o nombre geográfico como elemento de entrada | Embarazo en adolescentes |
| Subdivisión geográfica | República Dominicana |
| 9 (RLIN) | 13981 |
| 650 #4 - PUNTO DE ACCESO ADICIONAL DE MATERIA--TÉRMINO DE MATERIA | |
| Término de materia o nombre geográfico como elemento de entrada | Adolescentes |
| Subdivisión general | Conducta sexual |
| 9 (RLIN) | 13982 |
| Estado de retiro | Estado de pérdida | No para préstamo | Código de colección | Localización permanente | Ubicación/localización actual | Ubicación en estantería | Fecha de adquisición | Número de inventario | Total de préstamos | Signatura topográfica completa | Código de barras | Fecha visto por última vez | Precio válido a partir de | Tipo de ítem Koha |
|---|---|---|---|---|---|---|---|---|---|---|---|---|---|---|
| Excluido de préstamo | Patrimonio Dominicano | Patrimonio Dominicano | Patrimonio Dominicano | Depósito | 27.07.2009 | LF1 | 306.8742 C118i | 4817-10 | 25.06.2020 | 25.06.2020 | Libro y Folleto Colección Patrimonio Dominicano |
